Normal view
MARC view
- تاليف الزبن، غدير برنس عضوب
Entry Personal Name
001 - CONTROL NUMBER
- control field: 50371
003 - CONTROL NUMBER IDENTIFIER
- control field: JO-AjAnu
005 - DATE AND TIME OF LATEST TRANSACTION
- control field: 20230606082308.0
008 - FIXED-LENGTH DATA ELEMENTS
- fixed length control field: 230606|| aca||aabn | a|a d
040 ## - CATALOGING SOURCE
- Original cataloging agency: JO-AjAnu
- Transcribing agency: JO-AjAnu
100 ## - HEADING--PERSONAL NAME
- Personal name: تاليف الزبن، غدير برنس عضوب
670 ## - SOURCE DATA FOUND
- Source citation: Work cat.: (JO-AjAnu)25753: تاليف الزبن، غدير برنس عضوب, author, تحليل محتوى خطابات الملك الحسين بن طلال في فترات الحرب والسلم مع اسرائيل